000 00761nam a2200121Ia 4500
008 220620s9999||||xx |||||||||||||| ||und||
100 _aGroße Kracht, Hermann-Josef
245 0 _aSolidarität und Solidarismus
_bPostliberale Suchbewegungen zur normativen Selbstverständigung moderner Gesellschaften
546 _aEnglish[eng]
650 _asociology||politics||history of philosophy||social philosophy||society||solidarism||auguste comte||solidarity||émile durkheim||political theory||history of ideas||social history
856 _uhttps://library.oapen.org/bitstream/20.500.12657/30373/1/646490.pdf||https://library.oapen.org/bitstream/20.500.12657/30373/1/646490.pdf||https://library.oapen.org/bitstream/20.500.12657/30373/1/646490.pdf
942 _cEB
999 _c33296
_d33296